000 00292nam a2200109Ia 4500
008 230907s9999||||xx |||||||||||||| ||und||
082 _a572.80285
_bSTE
245 0 _aCalculations for molecular biology and biotechnology /
260 _aAcademic Press,
_c2016
300 _a481 p.
942 _cBK
999 _c598391
_d598391